000 00898nam a2200253Ia 4500
003 OSt
005 20221005104119.0
006 a|||||r|||| 00| 0
007 ta
008 221004b |||||||| |||| 00| 0 per d
020 _c200
024 _a17379
037 _b43593, 17/03/2015, Segment Book Distributors
_cTextual
040 _aCRL
_cCRL
_bper
041 _2per
_aper
082 _aO164,1x, 152Q1
100 _aचन्द्रशेखर, अनु.
245 0 _aआवाज़ों का आइना
246 _aĀvāज़oan kā āinā
260 _aदिल्ली
_bतौसए - किताबे - ईरान भारत
_c2011
650 _aपरशियन कविता
942 _hO164,1x, 152Q1
_cTEXL
_2cc
999 _c1011750
_d1011750